| 000 | 00000nam 2200000za 4500 |
| 001 | 9.642217 |
| 003 | CaOODSP |
| 005 | 20210624223608 |
| 007 | cr ||||||||||| |
| 008 | 150407|1962||||xxc|||||o f|0| 0 fre d |
| 040 | |aCaOODSP|bfre |
| 043 | |an-cn--- |
| 086 | 1 |aA63-1105/1962F-PDF |
| 110 | 1 |aCanada.|bAgriculture Canada. |bDivision de la santé des animaux. |
| 245 | 13|aLa tuberculose aviaire |h[ressource électronique] / |cJ.E. Lancaster, Division de l'hygiène vétérinaire, Ottawa. |
| 260 | |aOttawa - Ontario : |bAgriculture Canada. |cOctobre 1962. |
| 300 | |a12p.|bfigures, photographies |
| 500 | |aPublication historique numérisée par Agriculture et Agroalimentaire Canada. |
| 590 | |a13-17-Supp|b2013-07-25 |
| 691 | 07|aBétail|2gcpds |
| 691 | 07|aExploitation agricole|2gcpds |
| 691 | 07|aMaladie animale|2gcpds |
| 775 | 08|tFowl tuberculosis / |w(CaOODSP)9.697909 |
| 856 | 40|ahttp://publications.gc.ca|qPDF|s1.07 Mo|uhttps://publications.gc.ca/collections/collection_2013/aac-aafc/agrhist/A63-1105-1962-fra.pdf |
| 986 | |a1105 |